Instituciones de derecho procesal civil (Record no. 52017)

MARC details
000 -LEADER
campo de control de longitud fija 00675nam a2200169 i 4500
001 - NÚMERO DE CONTROL
campo de control 52017
003 - IDENTIFICADOR DE NÚMERO DE CONTROL
campo de control ES-MaACL
007 - CAMPO FIJO DE DESCRIPCIÓN FÍSICA--INFORMACIÓN GENERAL
campo de control de longitud fija t|
008 - DATOS DE LONGITUD FIJA--INFORMACIÓN GENERAL
campo de control de longitud fija 030822s1936 sp ||||1| spa d
100 1# - ENTRADA PRINCIPAL--NOMBRE DE PERSONA
Nombre de persona Chiovenda, Giuseppe.
9 (RLIN) 38538
245 10 - MENCIÓN DEL TÍTULO
Título Instituciones de derecho procesal civil
Resto del título : . Volumen I: Conceptos fundamentales ; la doctrina de las acciones /
Mención de responsabilidad, etc. Giuseppe Chiovenda ; traducción de la segunda edición italiana y notas de derecho español por E. Gómez Orbaneja.
250 ## - MENCION DE EDICION
Mención de edición 1ª ed.
260 ## - PUBLICACIÓN, DISTRIBUCIÓN, ETC.
Lugar de publicación, distribución, etc. Madrid :
Nombre del editor, distribuidor, etc. Revista de Derecho Privado,
Fecha de publicación, distribución, etc. 1936 (
Fabricante Galo Sèz)
300 ## - DESCRIPCIÓN FÍSICA
Extensión XXIV, 452 p. ;
Dimensiones 23 cm.
700 1# - ENTRADA AGREGADA--NOMBRE PERSONAL
Nombre de persona Gómez Orbaneja, Emilio.
9 (RLIN) 58088
852 ## - LOCALIZACIÓN
Ubicación ES-MaACL
Número de control de estantería C-7051
Holdings
Estatus retirado Estado de pérdida Estado de daño No para préstamo Biblioteca de origen Biblioteca actual Ubicación en estantería Fecha de adquisición Fuente de adquisición Total de préstamos Signatura topográfica completa Código de barras Visto por última vez Precio de reemplazo Tipo de ítem Koha
        Biblioteca del Ateneo de Madrid Biblioteca del Ateneo de Madrid Sala Palomar 17/01/2008     C-7051 1054690 23/02/2023 23/02/2023 Libro impreso